000 00671nam a2200181Ii 4500
003 JO-AjNU
008 230605s9999||||xx |||||||||||||| ||und||
040 _aJO-AjNU
_bara
_erda
_cJO-AjNU
041 _aara
050 1 4 _aZ675.A2.M6512
100 3 _aماونت، الس ؛ ترجمة علي سليمان الصوينع، عباس طاشكندي,
_eauthor
_937942
245 0 0 _aالمكتبات المتخصصة ومراكز المعلومات
300 _a331ص
336 _atext
_btxt
_2rdacontent
337 _aunmediated
_bn
_2rdamedia
338 _avolume
_bnc
_2rdacarrier
650 4 _aمكتبات المستشفيات-المكتبات المتخصخصة
_937943
999 _aA15899
_c19467
_d19467